| 000 | 00820nam a2200289 a 4500 | ||
|---|---|---|---|
| 003 | AR-BaBNM | ||
| 005 | 20251128203215.0 | ||
| 008 | 082120s2002 ||||||||||||||000 | spa|| | ||
| 040 | _cAR-BaBNM | ||
| 100 | 1 | _aMaeztu, Ramiro de | |
| 245 | 0 | 0 |
_aLa crisis del humanismo _blos principios de autoridad, libertad y función a la luz de la guerra |
| 260 |
_aBuenos Aires _bSudamericana _c1947 |
||
| 300 | _a345 p. | ||
| 650 | 4 | _aHISTORIA CONTEMPORANEA | |
| 650 | 4 | _aLITERATURA ESPAÑOLA | |
| 650 | 4 | _aFILOSOFIA LITERARIA | |
| 650 | 4 | _aFILOSOFIA DE LA HISTORIA | |
| 650 | 4 | _aENSAYO | |
| 650 | 4 | _aIDEOLOGIAS | |
| 653 | _aGENERACION DE 1898 | ||
| 653 | _aFORMAS DE GOBIERNO | ||
| 653 | _aFILOSOFIA MORAL | ||
| 655 | _aLITERATURA | ||
| 700 | 1 |
_aMaeztu, María de _eprologuista |
|
| 942 | _cBK | ||
| 998 | _cMARTIN | ||
| 999 |
_c2388 _d2388 |
||